000 00499nam a2200205Ia 4500
005 20250425162759.0
008 250425s9999 xx 000 0 und d
041 _aspa
043 _aec
082 _a328.9866
100 _aAYALA REYES, IVAN
245 0 _aINDICE DE LA LEGISLACION ECONOMICA DEL ECUADOR 1977
250 _a1A ED.
260 _aEcuador
_bEDITORIAL EPOCA
_c1983
260 _aQUITO
300 _a158
650 _aLEGISLACION ECUATORIANA
942 _c01
010 _a108309
999 _c236303
_d236303